Sūra kā śr̥ṅgāra-varṇana. (Record no. 72556)

MARC details
000 -LEADER
fixed length control field 00725cam a22002411 4500
001 - CONTROL NUMBER
control field sa 67001344
003 - CONTROL NUMBER IDENTIFIER
control field DLC
005 - DATE AND TIME OF LATEST TRANSACTION
control field 20260227112322.0
008 - FIXED-LENGTH DATA ELEMENTS--GENERAL INFORMATION
fixed length control field 881130s1966 ii 000 0 hin
010 ## - LIBRARY OF CONGRESS CONTROL NUMBER
LC control number sa 67001344
035 ## - SYSTEM CONTROL NUMBER
System control number (OCoLC)18822041
040 ## - CATALOGING SOURCE
Original cataloging agency DLC
Transcribing agency NRU
Modifying agency DLC
042 ## - AUTHENTICATION CODE
Authentication code premarc
050 00 - LIBRARY OF CONGRESS CALL NUMBER
Classification number PK2095.S8
Item number Z88
100 1# - MAIN ENTRY--PERSONAL NAME
Personal name Tivārī, Ramāśaṅkara.
245 10 - TITLE STATEMENT
Title Sūra kā śr̥ṅgāra-varṇana.
Statement of responsibility, etc. Lekhaka Ramāśaṅkara Tivārī.
260 ## - PUBLICATION, DISTRIBUTION, ETC.
Place of publication, distribution, etc. Kānapura,
Name of publisher, distributor, etc. Anusandhāna Prakāśana,
Date of publication, distribution, etc. [1966]
300 ## - PHYSICAL DESCRIPTION
Extent 8,7, 102, 383 p.
Dimensions 25 cm.
500 ## - GENERAL NOTE
General note In Hindi.
504 ## - BIBLIOGRAPHY, ETC. NOTE
Bibliography, etc. note Bibliography: p. [379]-383.
600 00 - SUBJECT ADDED ENTRY--PERSONAL NAME
Personal name Sūradāsa,
Dates associated with a name 1483?-1563?
650 #0 - SUBJECT ADDED ENTRY--TOPICAL TERM
Topical term or geographic name entry element Erotic literature
General subdivision History and criticism.

No items available.

Powered by Koha